LEADER 01681nam a2200337 u 4500 001 000000022833 003 CaOOAMICUS 005 20150622164622.0 008 950328s1975 it u000 u ita u 035 $a10574632 040 $aPUL$bita 100 1 $aDavies, William David,$d1911-$0(OLS)http://pul/name/19346 240 14$aThe Sermon on the Mount.$lItaliano.$0(OLS)http://pul/title/31782 245 10$aCapire il Sermone sul monte :$bil quadro storico, teologico e culturale /$cWilliam D. Davies ; edizione italiana a cura di Giorgio Tourn ; traduzione di Augusto Comba. 260 $aTorino :$bEditrice Claudiana,$cc1975. 300 $a188 p.$c21 cm 490 1 $aPiccola biblioteca teologica (Claudiana) ;$v8 500 $aComprende indici. 630 04$aBiblia.$pN.T.$pMatthaeus.$nV-VII$xCritica e interpretazione.$0(OLS)http://pul/subject/37804 700 1 $aComba, Augusto.$0(OLS)http://pul/name/19347 700 1 $aTourn, Giorgio,$d1930-$0(OLS)http://pul/name/12642 830 0$aPiccola biblioteca teologica (Claudiana) ;$v8.$0(OLS)http://pul/title/31784 850 $aPUL 852 $aPUL$W1$xSL Religione 1$y3$m9 G 34$j32018$nBK-PRI$b $qStampati$B32018$CPULBib$Z2$F32018 $H $81 852 $aPUL$W1$xDP1 Fondo S. Lanza$y121$m3 C 35.8$j166336$qFondi$B166930$CPULBib$Z2$F166930 $HLAN1161 $82 941 1 $a8 941 1 $a1 961 $aINV: 41500 961 $aNota ms. di possesso: Sergio Lanza 996 $6245$aCapire il Sermone sul monte :$bil quadro storico, teologico e culturale$9(OLS)http://pul/title/31783 996 $6260$aTorino :$bEditrice Claudiana$9(OLS)http://pul/publisher/57801 LEADER 01106nam a2200265 u 4500 001 000000080935 003 CaOOAMICUS 005 20070226123712.0 008 050309s1956 fr u000 u fre u 035 $a11032849 040 $aPUL(R)$bita 100 1 $aCristiani, L.$0(OLS)http://pul/name/53995 245 10$aBreve histoire des heresies :$nTreizieme partie.$pFrères séparés /$cpar le chanoine Cristiani. 246 30$aFrères sèparès 260 $aParis :$bLibrairie Arthème Fayard,$cc1956. 300 $a136 p. ;$c20 cm 490 1 $aJe sais - je crois 650 4$aCattolicesimo.$0(OLS)http://pul/subject/3132 830 0$aJe sais - je crois.$0(OLS)http://pul/title/105944 850 $aPUL 852 $aPUL$W1$xDP1 Fondo Cecchetti$y53$m260 E 43$j193731$nBK-PRI$b $qFondi$B103317$CPULBib$Z2$F103317 $81 941 1 $a1 996 $6245$aBreve histoire des heresies :$nTreizieme partie.$pFrères séparés$9(OLS)http://pul/title/105942 996 $6246$aFrères sèparès$9(OLS)http://pul/title/105943 996 $6260$aParis :$bLibrairie Arthème Fayard$9(OLS)http://pul/publisher/54426